| 000 | 00609nam a2200217Ia 4500 | ||
|---|---|---|---|
| 003 | OSt | ||
| 005 | 20220928135459.0 | ||
| 006 | a|||||r|||| 00| 0 | ||
| 007 | ta | ||
| 008 | 220927b |||||||| |||| 00| 0 eng d | ||
| 024 | _a2482 | ||
| 037 | _cTextual | ||
| 040 |
_aSDCL _cSDCL _beng |
||
| 041 |
_2eng _aeng |
||
| 082 | _aO-,1K:g, L0 | ||
| 100 |
_aHalewood William H _9490935 |
||
| 245 | 0 |
_aPoetry of grace _b Reformation themes and structures in English seventeenth-century poetry |
|
| 260 | _c1970 | ||
| 942 |
_hO-,1K:g, L0 _cTEXL _2CC |
||
| 999 |
_c806293 _d806293 |
||